| 000 | 00711cam a22002051a 4500 | ||
|---|---|---|---|
| 082 |
_a355.02 _bCLA _cD |
||
| 100 | 1 | _aClausewitz, Carl von, | |
| 245 | 1 | 0 |
_aOn war / _cby Gen. Carl von Clausewitz ; translated by Colonel J.J. Graham. |
| 250 | _aNew and rev. ed. ; with introduction and notes by Colonel F.N. Maude. | ||
| 260 |
_aLondon : _bKegan Paul, Trench, Trübner & Co., _c1908. |
||
| 300 |
_a3 v. : _bfront. (port.) ; _c22 cm. |
||
| 526 |
_a0 _b0 _c0 _d355_020000000000000_CLA |
||
| 526 |
_a0 _b0 _c0 _d355_020000000000000_CLA |
||
| 650 | 0 |
_aMCE _9379 |
|
| 650 | 0 |
_aMilitary art and science. _937914 |
|
| 650 | 0 | _aWar. | |
| 700 | 1 |
_aGraham, J. J. _948690 |
|
| 700 | 1 |
_aMaude, F. N. _948601 |
|
| 942 |
_2ddc _cBK |
||
| 999 |
_c552360 _d552360 |
||